Normal view
MARC view
Entry Nombre personal
001 - NÚMERO DE CONTROL
- campo de control: 44029
003 - IDENTIFICADOR DEL NÚMERO DE CONTROL
- campo de control: BNPHU
005 - FECHA Y HORA DE LA ÚLTIMA TRANSACCIÓN
- campo de control: 20241015140952.0
008 - DATOS DE LONGITUD FIJA
- campo de control de longitud fija: 200615|| aca||aabn | a|a d
024 ## - IDENTIFICADOR DE OTROS ESTÁNDARES
- Número estándar o código: n93108350
- Fuente del número o código: loc
040 ## - FUENTE DE LA CATALOGACIÓN
- Centro catalogador/agencia de origen: DO-SdBNP
- Centro/agencia transcriptor: DO-SdBNP
046 ## - FECHAS CON CODIFICACIÓN ESPECIAL
- Fecha de nacimiento: 1929
- Fecha de la muerte: 24112018
100 1# - ENCABEZAMIENTO-NOMBRE DE PERSONA
- Nombre de persona: Cordero Michel, Emilio,
- Fechas asociadas al nombre: 1929-2018
370 ## - LUGAR ASOCIADO
- Lugar de nacimiento: Santo Domingo (República Dominicana)
374 ## - OCUPACIÓN
- Ocupación: Historiador
- Ocupación: Profesor
- Ocupación: Abogado
- Ocupación: Político
- Ocupación: Escritor
375 ## - GÉNERO/SEXO
- Género/Sexo: Masculino
377 ## - LENGUA/LENGUAJE ASOCIADO
- Código del idioma: spa
- Término de lengua/lenguaje: Español
400 1# - TRAZADO DE VÉASE--NOMBRE DE PERSONA
- Nombre de persona: Cordero M., Emilio
670 ## - FUENTE DE DATOS ENCONTRADOS
- Cita de la fuente: hrome-extension://efaidnbmnnnibpcajpcglclefindmkaj/https://academiadominicanahistoria.org.do/wp-content/uploads/2017/07/CorderoMichel.pdf
670 ## - FUENTE DE DATOS ENCONTRADOS
- Cita de la fuente: https://adhilac.com.ar/?p=15441
